000 00723cam a2200265 4500
001 J3095
008 090401t1995 xxu||||| |||| 00| 0 eng d
035 _a(Sirsi) u52982
041 _aeng
050 _a698.1
100 _aMiller, E.
245 _aInterior painting of trim with solvent-borne paints.
260 _aGarston, Watford
_bBuilding Research Establishment
_c1995
300 _a(4)p. : ill. ; 30cm.
350 _a0
490 _aBRE Information Paper
_v8/95
650 _aSOLVENTS
650 _aVENTILATION
690 _aBUILT ENVIRONMENT-BUILDING MATERIALS
700 _aDearling, T.B.
700 _aBoxall, J.
710 _aBuilding Research Establishment
942 _n0
948 _c04/03/1997
999 _c93205
_d93205